DC- Green Arrow Rogue's Gallery - Statistics

General Stats
  • This quiz has been taken 57 times
  • The average score is 4 of 14
Answer Stats
Answer % Correct
Slade Wilson/Deathstroke
84%
Arthur King/Merlyn
49%
Werner Vertigo/Count Vertigo
42%
Werner Zylte/Count Vertigo
42%
Malcolm Merlyn/Dark Archer
40%
Carrie Cutter/Cupid
26%
William Tockman/Clock King
26%
Ricardo Diaz Jr./Richard Dragon
21%
Chien Na Wei/China White
16%
Danny Brickwell/Brick
16%
Simon Lacroix/Komodo
12%
Hannibal Bates/Everyman
9%
Onomatopoeia
9%
Constantine Drakon
7%
No matching quizzes found
Score Distribution
Percent of People with Each Score
Percentile by Number Answered
Your Score History
You have not taken this quiz